| 000 | 00474nam a2200205Ia 4500 | ||
|---|---|---|---|
| 005 | 20240823040154.0 | ||
| 008 | 240823s9999||||xx |||||||||||||| ||und|| | ||
| 020 | _a978-81-234-1003-4 | ||
| 041 | _aENGLISH | ||
| 082 | _A894.81109 Q1 | ||
| 100 | _aJothimani M | ||
| 245 | 0 | _aIlakkia Veethi | |
| 250 | _a4th | ||
| 260 |
_c2011 _bNew Censuri Book |
||
| 500 | _aYES | ||
| 650 |
_aTamil Books _bGeneral |
||
| 700 | _a Uma Maheswari K | ||
| 942 | _cBK | ||
| 999 |
_c202453 _d202453 |
||